Numerical solution of partial differential equations (Record no. 2169)

MARC details
000 -LEADER
fixed length control field 00558 a2200193 4500
001 - CONTROL NUMBER
control field 068507
003 - CONTROL NUMBER IDENTIFIER
control field OSt
005 - DATE AND TIME OF LATEST TRANSACTION
control field 20220218142429.0
008 - FIXED-LENGTH DATA ELEMENTS--GENERAL INFORMATION
fixed length control field
082 ## - DEWEY DECIMAL CLASSIFICATION NUMBER
Classification number 515.532
Item number M84N
100 1# - MAIN ENTRY--PERSONAL NAME
Personal name Morton, K.W.
245 1# - TITLE STATEMENT
Title Numerical solution of partial differential equations
Statement of responsibility, etc by K.W. Morton and D.F. Mayers
250 ## - EDITION STATEMENT
Edition statement 2nd ed.
260 ## - PUBLICATION, DISTRIBUTION, ETC. (IMPRINT)
Place of publication, distribution, etc New Delhi
Name of publisher, distributor, etc Cambridge University Press
Date of publication, distribution, etc 2009
300 ## - PHYSICAL DESCRIPTION
Extent 278p.
653 ## - INDEX TERM--UNCONTROLLED
Uncontrolled term Differential equations, Partial--Numerical solutions
700 ## - ADDED ENTRY--PERSONAL NAME
Personal name Mayers, D.F.
942 ## - ADDED ENTRY ELEMENTS (KOHA)
Source of classification or shelving scheme Dewey Decimal Classification
Koha item type Books
Holdings
Withdrawn status Lost status Source of classification or shelving scheme Damaged status Not for loan Collection code Home library Current library Date acquired Source of acquisition Cost, normal purchase price Total Checkouts Full call number Barcode Date last seen Price effective from Koha item type
    Dewey Decimal Classification     General Text Book Central University Of Rajasthan Central University Of Rajasthan 07/03/2012 MTH 2111.00   515.532 M84N 2794 21/11/2024 02/09/2020 Books